| 000 | 00625cab a2200205 4500 | ||
|---|---|---|---|
| 001 | X1543 | ||
| 008 | 090401t1994 xxu||||| |||| 00| 0 eng d | ||
| 035 | _a(Sirsi) u17630 | ||
| 041 | _aeng | ||
| 245 | _aQS TPC 1993 engineering option | ||
| 260 | _c1994 | ||
| 350 | _a0 | ||
| 490 |
_aCSM (Chartered Surveyor Monthly) _v3(8) May 1994, 54-55(2) |
||
| 520 | _aExaminers report on the QS TCPCEngineering Option 1993.. (Copy filed in Examiners report box in annexe). | ||
| 650 | _aEXAMINERS REPORTS | ||
| 650 | _aQS TPC ENGINEERING OPTION 1993 | ||
| 690 |
_aQuantity surveying _96263 |
||
| 942 | _n0 | ||
| 948 | _c04/03/1997 | ||
| 999 |
_c11688 _d11688 |
||